01049nam a22002175i 4500001001100000005001700011008004100028035002000069040003200089100002500121245012000146260004700266300003700313650004900350650004500399700003800444752003100482852010700513952019400620999001700814C00067219c20241029151238.0070917s1913 xxkf ||| | eng d aCCPB000912436-5 aCCPB-B bspa cCCPB-B erdc1 aArnold, Hugh.94563810aStained glass of the middle ages in England and France / cpainted by Lawrence B. Saint ; described by Hugh Arnold. aLondon : bAdam and Charles Black, c1913. a269 p., L h. de grab. ; c24 cm. 4aVidrieras-zInglaterra-yEdad media.9102746 4aVidrieras-zFrancia-yEdad media.9995161 aSaint, Lawrence B., eil.9102747 aGran Bretaña - dLondres aM-RABA, jL-252 -- 9R.23449 -- zAnotación manuscrita en la portada: "R. Stolz Viciano" 001040708NORaRABASFbRABASFcDP1d2020-03-16l0oL-252p1071702r2024-10-15 09:53:14w2024-10-15yFONDOMODERzSello: Donación Heredera R. Stolz Viciano. Encuadernación en cartoné. c63680d63680